| 000 | 00827nam a22002297a 4500 | ||
|---|---|---|---|
| 005 | 20170124110247.0 | ||
| 010 | _aB-045535 | ||
| 020 |
_c00.00 _a0070435274 |
||
| 035 | _aB-045535 | ||
| 037 | _bCen Lib/Ret | ||
| 040 |
_aDPL _bEN |
||
| 082 |
_a005.43 _bMCS |
||
| 110 |
_aNew Delhi.Tata McGraw-Hill Publishing Company _997796 |
||
| 245 |
_aMCSE windows 2000 network administration : _bstudy guide : exam 70-216 / |
||
| 260 |
_bTata McGraw-Hill Publishing Company _aNew Delhi _c2000 |
||
| 270 |
_a7 West Patel Nagar _bNew Delhi _e110008 |
||
| 300 |
_axlix,939p. _c22cm(Hb) |
||
| 500 | _aIncludes index | ||
| 650 |
_aElectronic data processing personnel -- Certification. _997797 |
||
| 650 |
_aComputer networks -- Management -- Examinations -- Study guides. _997798 |
||
| 942 |
_2ddc _cEN _h005.43 _mMCS |
||
| 999 |
_c135604 _d135604 |
||